<?xml version="1.0" encoding="UTF-8"?><?xml-stylesheet type="text/xsl" href="static/style.xsl"?><OAI-PMH xmlns="http://www.openarchives.org/OAI/2.0/" xmlns:xsi="http://www.w3.org/2001/XMLSchema-instance" xsi:schemaLocation="http://www.openarchives.org/OAI/2.0/ http://www.openarchives.org/OAI/2.0/OAI-PMH.xsd"><responseDate>2026-06-03T02:10:47Z</responseDate><request verb="GetRecord" identifier="oai:riuma.uma.es:10630/29957" metadataPrefix="marc">https://riuma.uma.es/rest/oai/request</request><GetRecord><record><header><identifier>oai:riuma.uma.es:10630/29957</identifier><datestamp>2026-02-27T07:40:35Z</datestamp><setSpec>com_10630_2254</setSpec><setSpec>col_10630_37953</setSpec></header><metadata><record xmlns="http://www.loc.gov/MARC21/slim" xmlns:dcterms="http://purl.org/dc/terms/" xmlns:doc="http://www.lyncode.com/xoai" xmlns:xsi="http://www.w3.org/2001/XMLSchema-instance" xsi:schemaLocation="http://www.loc.gov/MARC21/slim http://www.loc.gov/standards/marcxml/schema/MARC21slim.xsd">
   <leader>00925njm 22002777a 4500</leader>
   <datafield ind2=" " ind1=" " tag="042">
      <subfield code="a">dc</subfield>
   </datafield>
   <datafield ind2=" " ind1=" " tag="720">
      <subfield code="a">González-Gallardo, Sandra</subfield>
      <subfield code="e">author</subfield>
   </datafield>
   <datafield ind2=" " ind1=" " tag="720">
      <subfield code="a">Henriques, Carla Oliveira</subfield>
      <subfield code="e">author</subfield>
   </datafield>
   <datafield ind2=" " ind1=" " tag="720">
      <subfield code="a">Marcenaro-Gutiérrez, Óscar David</subfield>
      <subfield code="e">author</subfield>
   </datafield>
   <datafield ind2=" " ind1=" " tag="720">
      <subfield code="a">Luque-Gallego, Mariano</subfield>
      <subfield code="e">author</subfield>
   </datafield>
   <datafield ind2=" " ind1=" " tag="260">
      <subfield code="c">2021</subfield>
   </datafield>
   <datafield ind2=" " ind1=" " tag="520">
      <subfield code="a">We propose a novel approach to explore the trade-offs between four features of students’ well-being (anxiety, motivation, sense of belonging, and bullying). On the one hand, a multiobjective interval problem is formulated by considering these distinct components of well-being as objective functions, being then instantiated with confidence intervals obtained from distinct econometric estimations. Then, the problem is solved through the use of a reference point approach that allows accounting for the decision maker's preferences by considering a set of weight vectors that can be used to express his/her preferences regarding the importance that should be given to each objective function. The results provide information on how the improvement of one objective might affect the remaining objectives. Furthermore, the student's profile corresponding to each scrutinized solution is also made available. Overall, the results claim that bullying is the most affected objective, highlighting the need to foster antibullying education policies in Spanish schools, according to PISA 2015 data. Finally, some educational polices are suggested in order to enhance students’ well-being.</subfield>
   </datafield>
   <datafield ind1="8" ind2=" " tag="024">
      <subfield code="a">5.	González-Gallardo, S., Henriques, C.O., Marcenaro-Gutierrez, O.D., Luque, M. (2022). A novel approach for exploring the trade-offs between several features of students’ well-being, International Transactions in Operational Research, Vol. 29(3), pp. 1723 – 1748.</subfield>
   </datafield>
   <datafield ind1="8" ind2=" " tag="024">
      <subfield code="a">https://hdl.handle.net/10630/29957</subfield>
   </datafield>
   <datafield ind1="8" ind2=" " tag="024">
      <subfield code="a">10.1111/itor.12949</subfield>
   </datafield>
   <datafield tag="653" ind2=" " ind1=" ">
      <subfield code="a">Econometría</subfield>
   </datafield>
   <datafield ind2="0" ind1="0" tag="245">
      <subfield code="a">A novel approach for exploring the trade-offs between several features of students’ well-being</subfield>
   </datafield>
</record>
</metadata></record></GetRecord></OAI-PMH>